عرض عادي
عرض مارك
- Zhao, Feng,
مدخل إسم شخص
001 - رقم الضبط
- حقل الضبط: 39538
003 - معرف رقم الضبط
- حقل الضبط: OSt
005 - تاريخ ووقت أخر عملية
- حقل الضبط: 20131112195922.0
008 - عناصر بيانات ثابتة الطول
- حقل تحكم ثابت الطول: 131112|||a|||||| | ||| d
040 ## - مصدر الفهرسة
- هيئة الفهرسة الأصلية: OSt
- وكالة الكتابة: OSt
100 ## - مدخل -- أسم شخص
- إسم شخص: Zhao, Feng,
- تواريخ مرتبطة بالاسم: 1962-
670 ## - بيانات المصدر موجوده
- الاستشهاد بالمصدر: Work cat.: (OSt)0: Zhao, Feng, 1962-, Wireless sensor networks :, c2004.
